Statistiques concernant Pays avec le plus de tests Covid-19

Cliquez ici pour prendre le quiz!

Statistiques générales

  • Ce quiz a été pris 41 fois
  • Le résultat moyen est 21 sur 36

Statistiques - réponses

pays% Correct
France
100%
Espagne
97%
Etats-Unis
94%
Allemagne
92%
Italie
92%
Royaume-Uni
92%
Russie
92%
Portugal
89%
Portugal
89%
Canada
83%
Brésil
81%
Irlande
81%
Corée du Sud
75%
Inde
75%
Pologne
72%
Suisse
72%
Australie
69%
Autriche
58%
Norvège
53%
Danemark
50%
Iran
50%
Turquie
50%
Nouvelle-Zélande
44%
Pérou
42%
Estonie
36%
Lettonie
33%
Lituanie
33%
Slovénie
33%
Israël
31%
Israël
31%
Émirats arabes unis
28%
Qatar
25%
Venezuela
25%
Bahreïn
17%
Koweït
11%
Chypre
6%

Distribution des résultats

Percentile par nombre de réponses

% des personnes avec chaque résultat

Votre développement - résultats

Vous n’avez pas pris ce quiz